000 00943cam a2200229 4500
001 ABS65863
008 020910n2002 000 0 eng u
035 _a(Sirsi) u119654
100 _aSchopen, F.
245 _aWhen the answer is 'no'
260 _c2002
490 _aRegeneration and Renewal
_v30 August 2002, 17(1)
520 _aExamines the activities of councils whose tenants have voted against stock transfers. These include places such as Aylesbury Estate in south London and 94 000 tenants from Birmingham City Council. Reports that councils in these areas have had to alter their priorities; Birmingham has now put in a new draft housing strategy and set up a new independent housing commission.
590 _aABS
650 _aSTOCK TRANSFER
650 _aNEW DEAL FOR COMMUNITIES
650 _aBIRMINGHAM CITY COUNCIL
650 _aCAMBRIDGE
650 _aSOUTHWARK LBC
690 _aLOCAL GOVERNMENT
942 _n0
999 _c71128
_d71128